|
|
|
|
| LEADER |
00849nam a2200253 a 4500 |
| 001 |
c000112395 |
| 003 |
CARM |
| 005 |
19991210140643.0 |
| 008 |
800329s1979 enk 000 1 eng |
| 010 |
|
|
|a 79323110 //r84
|
| 015 |
|
|
|a GB79-27958
|
| 019 |
1 |
|
|a 1689220
|5 LACONCORD2021
|
| 020 |
|
|
|a 0333252969 :
|c L.5.95
|
| 035 |
|
|
|a (OCoLC)6092442
|5 LACONCORD2021
|
| 040 |
|
|
|a LC
|b eng
|c LC
|d LC
|
| 050 |
0 |
0 |
|a PZ4.F79255
|b Man 1979b
|a PR6056.O865
|
| 082 |
0 |
4 |
|a 823/.914
|
| 100 |
1 |
|
|a Fox, Peter F.
|
| 245 |
1 |
0 |
|a Mantis /
|c [by] Peter Fox.
|
| 260 |
|
|
|a London [etc.] :
|b Macmillan,
|c 1979.
|
| 300 |
|
|
|a 272 p. ;
|c 23 cm.
|
| 852 |
8 |
|
|b CARM
|h A2:AG04A0
|i B03362
|p 0158880
|f BK
|
| 999 |
f |
f |
|i 642071aa-8345-5b5c-abc7-88f3f0e9f98c
|s dbd4a333-2959-5e97-a9c5-a523a6e02230
|
| 952 |
f |
f |
|p Can circulate
|a CAVAL
|b CAVAL
|c CAVAL
|d CARM 1 Store
|e B03362
|f A2:AG04A0
|h Other scheme
|i book
|m 0158880
|